Hmlyn guide to minerals rocks and fossils (Record no. 1397195)

MARC details
000 -LEADER
fixed length control field 00602nam a2200217Ia 4500
005 - DATE AND TIME OF LATEST TRANSACTION
control field 20250508165737.0
008 - FIXED-LENGTH DATA ELEMENTS--GENERAL INFORMATION
fixed length control field 008 250505s9999 xx 000 0 eng d
037 ## - SOURCE OF ACQUISITION
Stock number Textual
040 ## - CATALOGING SOURCE
Original cataloging agency FEDL
Language of cataloging eng
Transcribing agency FEDL
041 ## - LANGUAGE CODE
Language code of text/sound track or separate title eng
Source of code eng
084 ## - COLON CLASSIFICATION NUMBER
Classification number 574.5, HAM
Assigning agency FEDL
100 ## - MAIN ENTRY--PERSONAL NAME
Personal name Hamilton W.R
9 (RLIN) 781783
245 #0 - TITLE STATEMENT
Title Hmlyn guide to minerals rocks and fossils
260 ## - PUBLICATION, DISTRIBUTION, ETC.
Place of publication, distribution, etc. London, UK
Name of publisher, distributor, etc. Hmlyn Publishing
Date of publication, distribution, etc. 1974
300 ## - PHYSICAL DESCRIPTION
Extent 320p.
365 ## - TRADE PRICE
Price type code GBP
Price amount 1.95
546 ## - LANGUAGE NOTE
Language note C.S.E.C
700 ## - ADDED ENTRY--PERSONAL NAME
Personal name Woolley A.R Bishop A.C
9 (RLIN) 781784
942 ## - ADDED ENTRY ELEMENTS (KOHA)
Koha item type Textual
Classification part 574.5, HAM
Holdings
Withdrawn status Lost status Damaged status Not for loan Home library Current library Date acquired Cost, normal purchase price Total Checkouts Full call number Barcode Date last seen Price effective from Koha item type
        Department of Education Library Department of Education Library 2025-05-08 1.95   574.5, HAM EL0090850 2025-05-08 2025-05-08 Textual
Copyright @ Delhi University Library System